MARC details
| 000 -LEADER |
| fixed length control field |
02601nam a22002177a 4500 |
| 003 - CONTROL NUMBER IDENTIFIER |
| control field |
OSt |
| 005 - DATE AND TIME OF LATEST TRANSACTION |
| control field |
20211015134655.0 |
| 008 - FIXED-LENGTH DATA ELEMENTS--GENERAL INFORMATION |
| fixed length control field |
190212b ||||| |||| 00| 0 eng d |
| 040 ## - CATALOGING SOURCE |
| Transcribing agency |
UM Digos College |
| 082 ## - DEWEY DECIMAL CLASSIFICATION NUMBER |
| Edition number |
2018 |
| Classification number |
UT 1208 |
| Item number |
A32 |
| 100 ## - MAIN ENTRY--PERSONAL NAME |
| Personal name |
Albania, Regie A. |
| 9 (RLIN) |
36931 |
| 245 ## - TITLE STATEMENT |
| Title |
Microbiological analysis of spigot surfaces in drinking water fountains/ |
| Statement of responsibility, etc. |
Regie A. Albania, Heltrod Jr. L. De Leon, and Maybelle T. Camansi. |
| 260 ## - PUBLICATION, DISTRIBUTION, ETC. (IMPRINT) |
| Place of publication, distribution, etc. |
Digos City: |
| Name of publisher, distributor, etc. |
UMDC |
| Date of publication, distribution, etc. |
Nove,ber 2018 |
| 300 ## - PHYSICAL DESCRIPTION |
| Extent |
78 pages. |
| Dimensions |
30 cm. |
| 520 ## - SUMMARY, ETC. |
| Summary, etc. |
Albania, R., De Leon, H.JR., & Camansi, M.L. (November 2018). Microbiological Analysis of Spigot in Drinking Water Fountains. Digos City: University of Mindanao.<br/><br/>This study is conducted to identify the count, gram stain, and cell morphology of microorganism existing in four drinking water fountains in UM Digos College namely; Gymnasium Drinking Water Fountain, Microbiology Drinking Water Fountain, Psychology Drinking Water Fountain, and Canteen Drinking Water Fountain. The sampling method used was collective sampling because sample were accumulated within August 20, 2018, August 22, 2018, and August 24, 2018 with a total of three samples to ensure its similarity or difference. The study aims at figurative out the grams stain reaction and cell morphology of microorganism using the process of grams staining technique. The target cell morphology was the following; Bacillus, Bacilli in Pair, Bacilli in Chain, Bacilli in Cluster, Coccus in Pair, Cocci in Chain, and Cocci in Cluster which will determine the current condition of the drinking water fountains if it safe for student utilization. Under the umbrella of quantitative experimental research design, the conduct of this study was eyed at extracting data using microbiologist and medical technologist to acquire valid, reliable, and accurate analysis. The findings in terms of physical appearance of drinking water fountains is unclear and unclear. In terms of gram stain reaction, all of the indicators were present. In terms of cell morphology, all of the indicators were present which eventually implies that the drinking water fountains in UM Digos College is unsafe and not potable for the students and employees’ consumption. <br/><br/>Keywords: Microbiological Analysis, Microbial Count, Grant Stain, Cell Morphology, Drinking Water Fountain. <br/><br/><br/><br/>Locator: UT 1208/A32/2018<br/> |
| 650 ## - SUBJECT ADDED ENTRY--TOPICAL TERM |
| Topical term or geographic name as entry element |
Education |
| Form subdivision |
Biological Science |
| General subdivision |
Undergraduate thesis |
| 9 (RLIN) |
36932 |
| 700 ## - ADDED ENTRY--PERSONAL NAME |
| Personal name |
Albania, Regie A. |
| 9 (RLIN) |
36931 |
| 700 ## - ADDED ENTRY--PERSONAL NAME |
| Personal name |
De Leon, Heltrod Jr. L. |
| 9 (RLIN) |
36933 |
| 700 ## - ADDED ENTRY--PERSONAL NAME |
| Personal name |
Camansi, Maybelle T. |
| 9 (RLIN) |
36934 |
| 942 ## - ADDED ENTRY ELEMENTS (KOHA) |
| Source of classification or shelving scheme |
Dewey Decimal Classification |
| Koha item type |
Undergraduate Thesis |